000 00427nmm a2200145Ia 4500
008 251105s9999||||xx |||||||||||||||||und||
041 _aspa
100 _aPont i Amenós, Teresa
245 0 _aLa comunicación no verbal
264 _a[Madrid, España] :
_bUniversitat Oberta de Catalunya,
_c2015
300 _a112 páginas
650 _aPsychology
856 _uhttps://public.digitaliapublishing.com/a/43968
942 _cCF
999 _c105754
_d105754